| 000 | 00678nam a2200205 4500 | ||
|---|---|---|---|
| 001 | 109137 | ||
| 003 | ES-MaACL | ||
| 005 | 20230906184801.0 | ||
| 007 | t| | ||
| 008 | 061121s1960 sp r ||||1| spa d | ||
| 080 | _a611(084.4) | ||
| 100 | 1 |
_aMuedra, V. _984027 |
|
| 245 | 1 | 0 |
_aAtlas de anatomía humana / _c[texto], V. Muedra ; [dibujos, José Mª Llovet]. |
| 260 |
_a[Barcelona : _bDalmau y Jover, _c1960] |
||
| 300 |
_a[86] p. : _bil. col. ; _c20 cm. |
||
| 596 | _aEjemp. sin datos de publ.; datos completados con la ed. de 1960 | ||
| 650 | 4 |
_aAnatomía humana- _vAtlas. _99802 |
|
| 700 | 1 |
_aLlovet, José María. _972945 |
|
| 852 | 4 |
_aES-MaACL _jF-8700 _z- Enc. espiral |
|
| 999 |
_c109137 _d109137 |
||